5HLuxD.jpg

KING HENRY VIII SENIOR AND PRIMARY SCHOOL LIBRARY OPAC

Man on the Moon : (Record no. 4250)

000 -LEADER
fixed length control field 01426cam a2200373 i 4500
001 - CONTROL NUMBER
control field 691298
003 - CONTROL NUMBER IDENTIFIER
control field INLPI
005 - DATE AND TIME OF LATEST TRANSACTION
control field 20250204084114.0
008 - FIXED-LENGTH DATA ELEMENTS--GENERAL INFORMATION
fixed length control field 190711t20172002enka b 000 j eng d
020 ## - INTERNATIONAL STANDARD BOOK NUMBER
International Standard Book Number 9781840114911
Qualifying information (paperback) :
Terms of availability GBP6.99
035 ## - SYSTEM CONTROL NUMBER
System control number (SPYDUS)738222
040 ## - CATALOGING SOURCE
Original cataloging agency NLPI
Language of cataloging eng
Transcribing agency NLPI
Modifying agency NLPI
Description conventions rda
042 ## - AUTHENTICATION CODE
Authentication code nbic
050 00 - LIBRARY OF CONGRESS CALL NUMBER
Classification number PZ7.B285675
Item number Man 2002
082 0# - DEWEY DECIMAL CLASSIFICATION NUMBER
Classification number 823.914
Item number B294
100 1# - MAIN ENTRY--PERSONAL NAME
Personal name Bartram, Simon,
Relator term author.
245 10 - TITLE STATEMENT
Title Man on the Moon :
Remainder of title (a day in the life of Bob) /
Statement of responsibility, etc. Simon Bartram.
246 30 - VARYING FORM OF TITLE
Title proper/short title Day in the life of Bob.
264 #1 - PRODUCTION, PUBLICATION, DISTRIBUTION, MANUFACTURE, AND COPYRIGHT NOTICE
Place of production, publication, distribution, manufacture London :
Name of producer, publisher, distributor, manufacturer Templar,
Date of production, publication, distribution, manufacture, or copyright notice 2017.
264 #4 - PRODUCTION, PUBLICATION, DISTRIBUTION, MANUFACTURE, AND COPYRIGHT NOTICE
Date of production, publication, distribution, manufacture, or copyright notice ©2002.
300 ## - PHYSICAL DESCRIPTION
Extent 1 vulume (unpaged) :
Other physical details color illustrations ;
Dimensions 30 cm.
336 ## - CONTENT TYPE
Content type term text
Content type code txt
Source rdacontent.
336 ## - CONTENT TYPE
Content type term still image
Content type code sti
Source rdacontent.
337 ## - MEDIA TYPE
Media type term unmediated
Media type code n
Source rdamedia.
338 ## - CARRIER TYPE
Carrier type term volume
Carrier type code nc
Source rdacarrier.
500 ## - GENERAL NOTE
General note This is Bob looking after the moon.He knows everything about it,but he's unaware about ALIENS!
500 ## - GENERAL NOTE
General note "15 years of Bob"--Cover.
500 ## - GENERAL NOTE
General note Originally published: 2004.
520 8# - SUMMARY, ETC.
Summary, etc. Presents a typical day in the life of Bob, the man on the moon, who rockets to work each morning, cleans up after the astronauts, and performs other duties before returning home for a bath and bed.
650 #0 - SUBJECT ADDED ENTRY--TOPICAL TERM
Topical term or geographic name entry element Astronauts
Form subdivision Juvenile fiction.
651 #0 - SUBJECT ADDED ENTRY--GEOGRAPHIC NAME
Geographic name Moon
Form subdivision Juvenile fiction.
655 #0 - INDEX TERM--GENRE/FORM
Genre/form data or focus term Children's stories
Form subdivision Pictorial works.
942 ## - ADDED ENTRY ELEMENTS (KOHA)
Source of classification or shelving scheme
Koha item type Books - Non Ficton
Holdings
Withdrawn status Lost status Source of classification or shelving scheme Damaged status Not for loan Collection code Permanent Location Current Location Shelving location Date acquired Total Checkouts Full call number Barcode Date due Date last seen Date last checked out Price effective from Koha item type Public note
          Non-Fiction KH8 Primary School Library KH8 Primary School Library Non Fiction 2025-02-04 3 823.914 B294 KHPL000005051 2026-04-24 2026-04-16 2026-04-16 2025-02-04 Books - Non Ficton KH8 PRIMARY

Powered By KH8 IT Dept